Normal view
MARC view
- ربيع،هادي مشعان
Entry Personal Name
001 - CONTROL NUMBER
- control field: 29420
003 - CONTROL NUMBER IDENTIFIER
- control field: JO-AjAnu
005 - DATE AND TIME OF LATEST TRANSACTION
- control field: 20230606074956.0
008 - FIXED-LENGTH DATA ELEMENTS
- fixed length control field: 230606|| aca||aabn | a|a d
040 ## - CATALOGING SOURCE
- Original cataloging agency: JO-AjAnu
- Transcribing agency: JO-AjAnu
100 ## - HEADING--PERSONAL NAME
- Personal name: ربيع،هادي مشعان
670 ## - SOURCE DATA FOUND
- Source citation: Work cat.: (JO-AjAnu)15106: ربيع،هادي مشعان, author, الإرشاد التربوي،مبادئه وأدواره الأساسية